<?xml version="1.0" encoding="UTF-8"?>
<record
    xmlns:xsi="http://www.w3.org/2001/XMLSchema-instance"
    xsi:schemaLocation="http://www.loc.gov/MARC21/slim http://www.loc.gov/standards/marcxml/schema/MARC21slim.xsd"
    xmlns="http://www.loc.gov/MARC21/slim">

  <leader>01035nam a2200301 a 4500</leader>
  <controlfield tag="008">130514s2010    ag ||||| |||| 00| 0 spa d</controlfield>
  <datafield tag="020" ind1=" " ind2=" ">
    <subfield code="a">9789875701182</subfield>
  </datafield>
  <datafield tag="041" ind1=" " ind2=" ">
    <subfield code="a">spa</subfield>
  </datafield>
  <datafield tag="092" ind1=" " ind2=" ">
    <subfield code="c">616.936 </subfield>
    <subfield code="l">81</subfield>
    <subfield code="s">STO</subfield>
  </datafield>
  <datafield tag="100" ind1="1" ind2=" ">
    <subfield code="a">Storino, Rub&#xE9;n A.</subfield>
    <subfield code="9">2235</subfield>
  </datafield>
  <datafield tag="245" ind1=" " ind2=" ">
    <subfield code="a">Chagas en el sigo XXI. A 100 a&#xF1;os de su descubrimiento.</subfield>
    <subfield code="b">De la enfermedad a la problem&#xE1;tica social /</subfield>
    <subfield code="c">Rub&#xE9;n A. Storino</subfield>
  </datafield>
  <datafield tag="250" ind1=" " ind2=" ">
    <subfield code="a">1a ed.</subfield>
  </datafield>
  <datafield tag="260" ind1=" " ind2=" ">
    <subfield code="a">Buenos Aires:</subfield>
    <subfield code="b">Akadia;</subfield>
    <subfield code="c">2010.</subfield>
  </datafield>
  <datafield tag="300" ind1=" " ind2=" ">
    <subfield code="a">293 p.</subfield>
  </datafield>
  <datafield tag="500" ind1=" " ind2=" ">
    <subfield code="a">Storino, R. A. (2010). Chagas en el siglo XXI. A 100 a&#xF1;os de su descubrimiento. De la enfermedad a la problem&#xE1;tica social. (1a ed.). Buenos Aires : Akadia.</subfield>
  </datafield>
  <datafield tag="653" ind1=" " ind2=" ">
    <subfield code="a">Chagas</subfield>
  </datafield>
  <datafield tag="653" ind1=" " ind2=" ">
    <subfield code="a">Clinica medica</subfield>
  </datafield>
  <datafield tag="653" ind1=" " ind2=" ">
    <subfield code="a">Triatominos</subfield>
  </datafield>
  <datafield tag="653" ind1=" " ind2=" ">
    <subfield code="a">Nosologia</subfield>
  </datafield>
  <datafield tag="653" ind1=" " ind2=" ">
    <subfield code="a">America Latina</subfield>
  </datafield>
  <datafield tag="653" ind1=" " ind2=" ">
    <subfield code="a">Trypanosoma Cruzi</subfield>
  </datafield>
  <datafield tag="653" ind1=" " ind2=" ">
    <subfield code="a">Chagas y Sida</subfield>
  </datafield>
  <datafield tag="653" ind1=" " ind2=" ">
    <subfield code="a">Chagas congenita</subfield>
  </datafield>
  <datafield tag="653" ind1=" " ind2=" ">
    <subfield code="a">Cardiopatia chagasica</subfield>
  </datafield>
  <datafield tag="653" ind1=" " ind2=" ">
    <subfield code="a">Derechos humanos y chagas</subfield>
  </datafield>
  <datafield tag="653" ind1=" " ind2=" ">
    <subfield code="a">Chagas, pobreza, discriminacion y desempleo</subfield>
  </datafield>
  <datafield tag="942" ind1=" " ind2=" ">
    <subfield code="2">ddc</subfield>
    <subfield code="c">BK</subfield>
  </datafield>
  <datafield tag="999" ind1=" " ind2=" ">
    <subfield code="c">1404</subfield>
    <subfield code="d">1404</subfield>
  </datafield>
  <datafield tag="952" ind1=" " ind2=" ">
    <subfield code="0">0</subfield>
    <subfield code="1">0</subfield>
    <subfield code="2">ddc</subfield>
    <subfield code="4">0</subfield>
    <subfield code="7">0</subfield>
    <subfield code="8">NFIC</subfield>
    <subfield code="a">BFM</subfield>
    <subfield code="b">BFM</subfield>
    <subfield code="c">REF</subfield>
    <subfield code="d">2013-05-14</subfield>
    <subfield code="e">Proyecto PROMED</subfield>
    <subfield code="g">144.00</subfield>
    <subfield code="l">2</subfield>
    <subfield code="o">616.936 81 STO</subfield>
    <subfield code="p">2918</subfield>
    <subfield code="r">2018-08-13</subfield>
    <subfield code="s">2018-08-10</subfield>
    <subfield code="t">Ej. 1</subfield>
    <subfield code="w">2013-05-14</subfield>
    <subfield code="y">REF</subfield>
    <subfield code="z">PROMED 2do a&#xF1;o LIBRO DE CONSULTA. Sede Tordos. </subfield>
    <subfield code="f"></subfield>
  </datafield>
  <datafield tag="952" ind1=" " ind2=" ">
    <subfield code="0">0</subfield>
    <subfield code="1">0</subfield>
    <subfield code="2">ddc</subfield>
    <subfield code="4">0</subfield>
    <subfield code="7">0</subfield>
    <subfield code="8">NFIC</subfield>
    <subfield code="a">BFM</subfield>
    <subfield code="b">BFM</subfield>
    <subfield code="c">CR</subfield>
    <subfield code="d">2013-05-14</subfield>
    <subfield code="e">Proyecto PROMED</subfield>
    <subfield code="g">144.00</subfield>
    <subfield code="l">8</subfield>
    <subfield code="m">1</subfield>
    <subfield code="o">616.936 81 STO</subfield>
    <subfield code="p">2919</subfield>
    <subfield code="r">2018-08-21</subfield>
    <subfield code="s">2018-08-17</subfield>
    <subfield code="t">Ej. 2</subfield>
    <subfield code="w">2013-05-14</subfield>
    <subfield code="y">BK</subfield>
    <subfield code="z">PROMED 2do a&#xF1;o. Sede Tordos.</subfield>
    <subfield code="f"></subfield>
  </datafield>
</record>
